| Tag |
First Indicator |
Second Indicator |
Subfields |
| LEADER |
00000cam a2200000 i 4500 |
| 001 |
in00003420249 |
| 005 |
20211120171523.0 |
| 006 |
m o d f |
| 007 |
cr mn| |
| 008 |
130822s2006 dcu o f000 0 eng c |
| 035 |
|
|
|a (OCoLC)ocn856579405
|
| 040 |
|
|
|a GPO
|b eng
|e rda
|e pn
|c GPO
|d GPO
|d MvI
|d UtOrBLW
|
| 042 |
|
|
|a pcc
|
| 049 |
|
|
|a WWW
|
| 074 |
|
|
|a 0766-F-05 (online)
|
| 086 |
0 |
|
|a L 35.24:F 67
|
| 245 |
0 |
0 |
|a Avian flu.
|
| 264 |
|
1 |
|a [Washington, D.C.] :
|b U.S. Deptartment of Labor, Occupational Safety and Health Administration,
|c 2006.
|
| 300 |
|
|
|a 1 online resource (2 unnumbered pages).
|
| 336 |
|
|
|a text
|b txt
|2 rdacontent
|
| 337 |
|
|
|a computer
|b c
|2 rdamedia
|
| 338 |
|
|
|a online resource
|b cr
|2 rdacarrier
|
| 490 |
1 |
|
|a OSHA factsheet
|
| 500 |
|
|
|a "DSG 10/2006"--P. [2].
|
| 500 |
|
|
|a Title from title screen (viewed on Aug. 21, 2013).
|
| 650 |
|
0 |
|a Influenza viruses
|x Transmission.
|
| 650 |
|
0 |
|a Avian influenza
|x Prevention.
|
| 710 |
1 |
|
|a United States.
|b Occupational Safety and Health Administration,
|e issuing body.
|
| 775 |
0 |
8 |
|i Spanish edition:
|t Gripe aviar
|w (OCoLC)857901745
|
| 830 |
|
0 |
|a OSHA factsheet.
|
| 856 |
4 |
0 |
|u https://purl.fdlp.gov/GPO/gpo39317
|t 0
|
| 999 |
|
|
|a MARS
|
| 999 |
f |
f |
|s f41885dd-b412-34b5-927e-f340ae556619
|i 7feca0ca-833d-3d9a-bfc3-bcb90a70923f
|t 0
|
| 952 |
f |
f |
|a Texas A&M University
|b College Station
|c Electronic Resources
|d Available Online
|t 0
|e L 35.24:F 67
|h Superintendent of Documents classification
|
| 998 |
f |
f |
|a L 35.24:F 67
|t 0
|l Available Online
|